[Event "VIE-ch U09"]
[Site "Ho Chi Minh City"]
[Date "2014.07.14"]
[Round "3"]
[White "Vu, Le Huy"]
[Black "Nguyen, Tan Tai"]
[Result "0-1"]
[WhiteElo "1505"]
[BlackElo "1462"]
[PlyCount "68"]
[EventDate "2014.07.13"]
[EventType "swiss"]
[EventRounds "9"]
[EventCountry "VIE"]
[SourceTitle "EXT 2016"]
[Source "ChessBase"]
[SourceDate "2015.10.08"]
[SourceVersion "1"]
[SourceVersionDate "2015.10.08"]
[SourceQuality "1"]

1. d4 d5 2. c4 Nf6 3. cxd5 Nxd5 4. e4 Nf6 5. Nc3 Nc6 6. Nf3 Bg4 7. Be3 e6 8. Bb5 Bb4 9. Bxc6+ bxc6 10. Qd3 Bxc3+ 11. bxc3 c5 12. Rd1 0-0 13. 0-0 h6 14. Rfe1 Bxf3 15. gxf3 Nh7 16. Kf1 Qh4 17. Ke2 Rab8 18. h3 Rb2+ 19. Bd2 Ng5 20. Rf1 Nxh3 21. Ke1 Rd8 22. Be3 cxd4 23. cxd4 e5 24. a3 exd4 25. Bxd4 c5 26. Qc3 Ra2 27. Bxc5 Rxd1+ 28. Kxd1 Qf4 29. Rh1 Nxf2+ 30. Ke1 Nxh1 31. Be3 Qh2 32. Qc8+ Kh7 33. Qf5+ g6 34. Qd5 Qe2# 0-1